00275nam a22001217a 4500020001800000082002000018100002000038245002000058250000900078260003000087300000800117650002800125 a81-208-0396-5 a294.508694, PAN aPANDEY, Rajbali aHindu Samskaras a2006 aDelhibMotilal Banarsidas a327 aHinduism-Social Aspects